|
|
|
|
| LEADER |
00000nam0a2200000 4500 |
| 001 |
257786 |
| 005 |
20231101233233.0 |
| 010 |
|
|
|a 5274000894
|
| 020 |
|
|
|a RU
|b 88-7601
|
| 035 |
|
|
|a (RuTPU)RU\TPU\book\280604
|
| 090 |
|
|
|a 257786
|
| 100 |
|
|
|a 20140418d1987 k a0rusy5003 ca
|
| 101 |
0 |
|
|a rus
|
| 102 |
|
|
|a RU
|
| 105 |
|
|
|a a z 001zy
|
| 200 |
1 |
|
|a Полимербетоны
|f В. В. Патуроев
|
| 210 |
|
|
|a Москва
|c Стройиздат
|d 1987
|
| 215 |
|
|
|a 285 с.
|c ил.
|
| 320 |
|
|
|a Библиогр.: с. 276-284 (166 назв.)
|
| 606 |
1 |
|
|a Полимерные покрытия
|x Строительные материалы
|2 stltpush
|3 (RuTPU)RU\TPU\subj\50208
|9 68940
|
| 610 |
1 |
|
|a полимербетоны
|
| 610 |
1 |
|
|a конструкционные материалы
|
| 610 |
1 |
|
|a физико-механические свойства
|
| 610 |
1 |
|
|a химическая стойкость
|
| 610 |
1 |
|
|a долговечность
|
| 610 |
1 |
|
|a технико-экономическая эффективность
|
| 675 |
|
|
|a 691.328:678
|z rus
|
| 700 |
|
1 |
|a Патуроев
|b В. В.
|g Василий Васильевич
|4 070
|
| 801 |
|
0 |
|a RU
|b RuMRKP
|c 19950417
|g psbo
|
| 801 |
|
1 |
|a RU
|b 63413507
|c 20140418
|
| 801 |
|
2 |
|a RU
|b 63413507
|c 20141229
|g RCR
|
| 942 |
|
|
|c BK
|